00452pab a2200145 454500008004000000100001600040245008000056260000900136300001300145362000800158650004300166650004700209650002400256773002600280180718b1999 xxu||||| |||| 00| 0 eng d aAnand, V.K. aInformal sector and its role in employment creation in developing countries c1999 ap.423-37 aDec aInformal sector - Developing countries aEmployment creation - Developing countries aEmployment creation aAsian Economic Review